|
|
|
|
| LEADER |
03678nam a22003973i 4500 |
| 001 |
EBC6955639 |
| 003 |
MiAaPQ |
| 005 |
20231204023222.0 |
| 006 |
m o d | |
| 007 |
cr cnu|||||||| |
| 008 |
231204s2015 xx o ||||0 ger d |
| 020 |
|
|
|a 9783839402351
|q (electronic bk.)
|
| 020 |
|
|
|z 9783899422351
|
| 035 |
|
|
|a (MiAaPQ)EBC6955639
|
| 035 |
|
|
|a (Au-PeEL)EBL6955639
|
| 035 |
|
|
|a (OCoLC)1110446375
|
| 040 |
|
|
|a MiAaPQ
|b eng
|e rda
|e pn
|c MiAaPQ
|d MiAaPQ
|
| 100 |
1 |
|
|a Kochinka, Alexander.
|
| 245 |
1 |
0 |
|a Emotionstheorien :
|b Begriffliche Arbeit am Gefühl.
|
| 250 |
|
|
|a 1st ed.
|
| 264 |
|
1 |
|a Bielefeld :
|b transcript,
|c 2015.
|
| 264 |
|
4 |
|c {copy}2015.
|
| 300 |
|
|
|a 1 online resource (308 pages)
|
| 336 |
|
|
|a text
|b txt
|2 rdacontent
|
| 337 |
|
|
|a computer
|b c
|2 rdamedia
|
| 338 |
|
|
|a online resource
|b cr
|2 rdacarrier
|
| 490 |
1 |
|
|a Kultur- und Medientheorie
|
| 505 |
0 |
|
|a Cover Emotionstheorien -- INHALT -- Einleitung -- 1. Gegenstandsklärungen -- 1.1 Differenzierungen -- 1.1.1 Das Gefühl und seine Symbolisierung -- 1.1.2 Das Gefühl: angeboren oder erlernt? -- Exkurs über den Begriff der »biologischen Funktion« -- 1.1.3 Das Gefühl und seine Dauer, das Gefühl und sein Verlauf - dynamische Aspekte -- 1.1.4 Einfache (simple) und zusammengesetzte(komplexe) Gefühle -- 1.1.5 Das Gefühl und sein Objekt - Die Gerichtetheit des Gefühls -- 1.1.6 Das Gefühl: beherrscht und unverfügbar -- 1.1.7 Das Gefühl: angenehm und unangenehm -- 1.1.8 Das Gefühl: privat und öffentlich -- 1.1.9 Zusammenfassung -- 1.2 Abgrenzungen -- 1.2.1 Das Gefühl und die Empfindung -- 1.2.2 Das Gefühl und die Stimmung -- 1.2.3 Das Gefühl als Persönlichkeitsmerkmal -- 1.2.4 Das Gefühl und die Motivation (worin eine Rolle spielt: Das Gefühl und die Handlung) -- Exkurs über zentrale Begriffe der Motivationspsychologie -- 1.2.5 Das Gefühl und die Kognition 87 Exkurs über drei Begriffe der Kognition in der Psychologie -- 1.2.6 Zusammenfassung -- 1.3 Emotionspsychologische Gegenstandsbestimmungen -- 1.3.1 Emotionsdefinitionen -- 1.3.2 Metatheoretischer Vorschlag zur Gegenstandsbestimmung -- Exkurs über Emotion und Motivation bei Emotions- und bei Motivationstheoretikern -- 1.4 Was ist nun ein Gefühl? - Sieben Thesen -- 2. Relektüren -- 2.1 Charles Darwin -- 2.1.1 Methoden -- 2.1.2 Ergebnisse -- 2.1.3 Erklärungen: drei Prinzipien -- 2.1.4 Anknüpfungspunkte für Zeitgenossen -- 2.2 Wilhelm Wundt -- 2.2.1 Wundts Auffassung vom Gegenstand der Psychologie -- 2.2.2 Einfache Gefühle -- 2.2.3 Zusammengesetzte Gefühle -- 2.2.4 Affekte -- 2.2.5 Anknüpfungspunkte für Zeitgenossen -- 2.3 William James -- 2.3.1 James' Idee -- 2.3.2 Argumente -- 2.3.3 Einwände -- 2.3.4 »Feinere« Gefühle -- Exkurs: Lange -- 2.3.5 Anknüpfungspunkte für Zeitgenossen -- 2.4 Zusammenfassung.
|
| 505 |
8 |
|
|a 3. Die Frage nach der Zusammensetzung komplexer Gefühle -- 3.1 Gestaltpsychologie -- 3.2 Erzähltheorie -- 3.3 Zwei Modi der Bildung von Gefühlen: Gestaltbildung und Erzählbildung -- 4. Zusammenfassung -- Literatur.
|
| 588 |
|
|
|a Description based on publisher supplied metadata and other sources.
|
| 590 |
|
|
|a Electronic reproduction. Ann Arbor, Michigan : ProQuest Ebook Central, 2023. Available via World Wide Web. Access may be limited to ProQuest Ebook Central affiliated libraries.
|
| 655 |
|
4 |
|a Electronic books.
|
| 776 |
0 |
8 |
|i Print version:
|a Kochinka, Alexander
|t Emotionstheorien
|d Bielefeld : transcript,c2015
|z 9783899422351
|
| 797 |
2 |
|
|a ProQuest (Firm)
|
| 830 |
|
0 |
|a Kultur- und Medientheorie
|
| 856 |
4 |
0 |
|u https://ebookcentral.proquest.com/lib/matrademy/detail.action?docID=6955639
|z Click to View
|